Statistics for Marvel Strike Force - All Characters Quiz

Click here to take the quiz!

General Stats

  • This quiz has been taken 42 times
    (39 since last reset)
  • The average score is 78 of 193

Answer Stats

OriginCharacter% Correct
BioSpider-Man
95%
BioCaptain America
91%
BioHulk
86%
TechIron Man
86%
TechAnt-Man
82%
BioCaptain Marvel
82%
MysticThor
82%
MutantWolverine
82%
SkillBlack Widow
77%
SkillGamora
77%
BioGroot
77%
TechStar-Lord
77%
TechWasp
77%
MutantDeadpool
73%
BioDrax
73%
SkillHawkeye
73%
MysticThanos
73%
BioVenom
73%
BioCarnage
68%
MysticDoctor Strange
68%
BioElectro
68%
BioGreen Goblin
68%
MysticLoki
68%
BioMs. Marvel
68%
TechNebula
68%
MysticScarlet Witch
68%
MysticBlack Panther
64%
BioDaredevil
64%
BioHuman Torch
64%
BioInvisible Woman
64%
MysticIron Fist
64%
MutantMystique
64%
SkillNick Fury
64%
TechDoctor Octopus
59%
TechFalcon
59%
BioLuke Cage
59%
MutantMagneto
59%
BioMister Fantastic
59%
TechRocket Raccoon
59%
BioShe-Hulk
59%
MutantStorm
59%
BioThe Thing
59%
MutantBeast
55%
MutantCable
55%
MutantCyclops
55%
Tech / MysticDoctor Doom
55%
MysticHela
55%
BioMantis
55%
BioRhino
55%
MysticSilver Surfer
55%
TechUltron
55%
BioWinter Soldier
55%
MysticAdam Warlock
50%
TechGhost
50%
MutantJubilee
50%
MysticMoon Knight
50%
TechMysterio
50%
SkillPunisher
50%
TechShuri
50%
SkillSif
50%
TechVision
50%
TechVulture
50%
MysticYondu
50%
BioBlack Bolt
45%
MutantColossus
45%
MysticDagger
45%
MutantDomino
45%
MysticEbony Maw
45%
MysticElektra
45%
MysticGhost Rider
45%
MysticHeimdall
45%
MutantIceman
45%
TechIronheart
45%
BioJessica Jones
45%
SkillKarnak
45%
SkillKingpin
45%
SkillProxima Midnight
45%
MutantPsylocke
45%
BioRed Skull
45%
MutantSabretooth
45%
TechWar Machine
45%
SkillBullseye
41%
MysticCloak
41%
SkillCorvus Glaive
41%
BioCrystal
41%
SkillMaria Hill
41%
MysticM'Baku
41%
SkillOkoye
41%
MutantPhoenix
41%
MutantPolaris
41%
TechRescue
41%
TechShocker
41%
TechAgent Coulson
36%
SkillBaron Zemo
36%
BioCull Obsidian
36%
SkillEcho
36%
MutantEmma Frost
36%
SkillKillmonger
36%
MutantKitty Pryde
36%
MutantLongshot
36%
MutantMagik
36%
MysticMorbius
36%
MutantNamor
36%
MutantPyro
36%
SkillRed Guardian
36%
MysticSersi
36%
SkillShang-Chi
36%
MutantShatterstar
36%
MutantToad
36%
TechYellowjacket
36%
MysticAmerica Chavez
32%
BioAnti-Venom
32%
SkillColleen Wing
32%
TechCrossbones
32%
MysticJuggernaut
32%
MutantMister Sinister
32%
TechMisty Knight
32%
SkillMoondragon
32%
MysticMordo
32%
MutantMultiple Man
32%
MutantOmega Red
32%
BioQuake
32%
BioScream
32%
SkillSharon Carter
32%
BioSpider-Man (Miles)
32%
BioSwarm
32%
MutantX-23
32%
BioYo-Yo
32%
MutantBishop
27%
MutantBlob
27%
SkillCaptain America (Sam)
27%
MysticDoctor Voodoo
27%
MysticDormammu
27%
MysticElsa Bloodstone
27%
BioGhost-Spider
27%
BioGraviton
27%
MysticIkaris
27%
TechKestrel
27%
SkillS.H.I.E.L.D. Medic
27%
BioSpider-Punk
27%
BioSquirrel Girl
27%
SkillTaskmaster
27%
SkillYelena Belova
27%
MysticDeathpool
23%
SkillHand Archer
23%
TechHydra Grenadier
23%
TechHydra Sniper
23%
BioScarlet Spider
23%
BioSpider-Man (Symbiote)
23%
BioStature
23%
MutantStryfe
23%
MysticWhite Tiger
23%
BioA.I.M. Infector
18%
MysticHand Sorceress
18%
SkillHydra Scientist
18%
BioKree Royal Guard
18%
TechLady Deathstrike
18%
SkillMercenary Riot Guard
18%
TechMercenary Sniper
18%
TechMinn-Erva
18%
MutantNegasonic Teenage Warhead
18%
MysticNobu
18%
BioPhyla-Vell
18%
BioRavager Bruiser
18%
TechRavager Stitcher
18%
MysticRonan the Accuser
18%
TechScientist Supreme
18%
MysticUltimus
18%
TechA.I.M. Assaulter
14%
BioA.I.M. Monstrosity
14%
SkillA.I.M. Researcher
14%
MysticHand Assassin
14%
SkillHand Blademaster
14%
TechHydra Armored Guard
14%
TechHydra Rifle Trooper
14%
TechKorath the Pursuer
14%
TechKree Cyborg
14%
BioKree Noble
14%
TechKree Oracle
14%
TechMercenary Lieutenant
14%
SkillMercenary Soldier
14%
SkillNight Nurse
14%
TechRavager Boomer
14%
SkillS.H.I.E.L.D. Trooper
14%
MutantSilver Samurai
14%
TechStar-Lord (T'Challa)
14%
TechA.I.M. Security
9%
MysticHand Sentry
9%
TechHawkeye (Kate)
9%
BioKree Reaper
9%
SkillS.H.I.E.L.D. Operative
9%
SkillS.H.I.E.L.D. Security
9%
SkillS.H.I.E.L.D. Assault
5%

Score Distribution

Percentile by Number Answered

Percent of People with Each Score

Your Score History

You have not taken this quiz since the last reset